000 00363nam a2200145Ia 4500
008 230917s9999||||xx |||||||||||||| ||und||
020 _cRS125
040 _e192630
_aMAIN
041 _aEnglish
082 _a891.42092 A47P:G
100 _aPaul, Amrit Lal
245 0 _aGuru Arjan Dev: Chintan te kala
260 _aAmritsar
_bWaris Shah Foundation
942 _cBK
999 _c80793
_d80793